| 000 | 00660nam a2200241Ia 4500 | ||
|---|---|---|---|
| 008 | 160803s9999 xx 000 0 und d | ||
| 020 | _a978-1582346878 | ||
| 100 | _aSmith, Alexander McCall | ||
| 245 | _aAkimbo and the lions / | ||
| 245 | _cAlexander McCall Smith ; illustrated by LeUyen Pham. | ||
| 260 | _aNew York : | ||
| 260 | _bScholastic Inc. | ||
| 260 | _c2006 | ||
| 300 | _a66 pages : | ||
| 300 | _billustrations ; | ||
| 300 | _c20 cm | ||
| 500 | _aOriginally published: New York : Bloomsbury Children's Books, c2005. | ||
| 650 | _aAfrica -- | ||
| 650 | _aLion -- | ||
| 650 | _xFiction. | ||
| 650 | _xFiction. | ||
| 700 | _a860 | ||
| 999 |
_c298394 _d298394 |
||